Nauka - wiedza ogólna #2 - Statystyki

Ogólne statystyki
  • Ten quiz został rozwiązany 32 razy
  • Średni wynik to 9 z 20
Statystyki odpowiedzi
Pytania Odpowiedzi % Poprawnych
Jaka jest naukowa nazwa gatunku ludzkiego? Homo sapiens
100%
Która pierwiastek jest najpowszechniejszy w ziemskiej atmosferze? Azot
95%
Która planeta jest największa w Układzie Słonecznym Jowisz
95%
Czego 206 posiada przeciętny dorosły? Kości
77%
Jak nazywa się lawa znajdująca się pod powierzchnią Ziemi? Magma
68%
W organizmie człowieka, który organ wytwarza komórki jajowe? Jajnik
59%
Przedrostek mega oznacza 1 milion. Jaki przedrostek oznacza 1 miliard? Giga
50%
Jaka nauka zajmuje się badaniem życia prehistorycznego? Paleontologia
50%
Co dokładnie oznacza wartość -273,15 °C? Zero {absolutne}
50%
Jak nazywa się pojedyncza cząstka światła? Foton
41%
Jakie zwierzę uważane jest za najcięższy gatunek zwierzęcia, jakie kiedykolwiek żyły? Płetwal błękitny
32%
W równaniu E=mc2 co oznacza litera c? Prędkość światła
32%
Jakie komórki mają aksony i dendryty? Nerwowe
27%
Jaki obszar Ziemi znajduje się pomiędzy skorupą a jądrem? Płaszcz
18%
Która warstwa atmosfery zaczyna się około 10 km nad powierzchnią Ziemi? Stratosfera
18%
Czym staje się hipoteza po rygorystycznym przetestowaniu i zweryfikowaniu? Teorią
18%
Jaka choroba jest wywoływana przez bakterię Yersinia pestis? Dżuma
9%
Co nigdy nie maleje zgodnie z drugą zasadą termodynamiki? (Wskazówka: zaczyna się na literę „e”) Entropia
9%
Jaka teoria naukowa opisuje proces dryfu kontynentalnego? Tektonika płyt
9%
Którego słowa brakuje w tej sekwencji: Rząd, Klasa, ______, Królestwo Typ
5%
Nie znaleziono quizów pasujących do podanych kryteriów
Rozkład punktacji
Procent ludzi z każdym wynikiem
Percentyl według liczby udzielonych odpowiedzi
Twoja historia wyników
Nie rozwiązałeś tego quizu